Państwa z najkrótszymi granicami - Statystyki

Ogólne statystyki
  • Ten quiz został rozwiązany 936 razy
  • Średni wynik to 12 z 20
Statystyki odpowiedzi
Km Kraj Mile % Poprawnych
3 Watykan 2
95%
39 San Marino 24
88%
76 Liechtenstein 47
85%
4 Monako 3
85%
120 Andora 75
83%
359 Luksemburg 223
76%
68 Dania 42
56%
238 Korea Południowa 148
55%
360 Dominikana 224
54%
360 Haiti 224
54%
499 Irlandia 310
54%
60 Katar 37
53%
381 Brunei 237
46%
228 Timor Wschodni 142
46%
499 Wielka Brytania 310
43%
516 Belize 321
42%
462 Kuwejt 287
40%
535 Eswatini 332
38%
528 Dżibuti 328
36%
454 Liban 282
32%
Nie znaleziono quizów pasujących do podanych kryteriów
Rozkład punktacji
Procent ludzi z każdym wynikiem
Percentyl według liczby udzielonych odpowiedzi
Twoja historia wyników
Nie rozwiązałeś tego quizu